Juventus, campione d'europa 1996 - Statistics

Statistiche generali
  • Questo quiz è stato fatto 317 volte
  • Il punteggio medio è 9 su 17
Statistiche sulle risposte
Hint Risposta % Corretto
10 Del Piero
98%
9 Vialli
85%
1 Peruzzi
84%
11 Ravanelli
78%
All. Lippi
73%
8 Conte
65%
2 Ferrara
63%
3 Pessotto
57%
4 Torricelli
56%
15 Di Livio
47%
7 Deschamps
44%
14 Jugovic
43%
16 Padovano
33%
6 Sousa
33%
12 Rampulla
29%
5 Vierchowod
24%
13 Porrini
20%
Nessun quiz corrispondente trovato
Distribuzione punteggi
Percentuale di utenti per punteggio
Percentile per numero di risposta
I tuoi punteggi nel tempo
Non hai fatto questo quiz